00677nam a2200241 a 4500001001300000003000900013005001700022008004100039020000800080082002000088100001600108245003400124260004400158300000900202500003500211505001000246650001900256700001600275902000800291942000700299952011600306999001300422nice12345678IN_TiNIC20260116011320.0050524s1899 lona grp 000 0 eng  ac000a305.480297bBIR aBird, M R S aPersian Women and Their Creed aLondonbChurch Missionary Societyc1899 a104p aincludes index and biblioraphy2 aindex aWomen in Islam1 aBird, M R S bSRS cBK 001040708StackRoom-aHMIbHMId2005-05-24g0.00l0o305.480297 BIRp01254r2005-05-24v0.00w2005-05-24yBK c437d437